000 00657nam a2200229Ia 4500
005 20250508170057.0
008 008 250505s9999 xx 000 0 eng d
020 _a978-93-287-639-6
037 _aReference
040 _aFEDL
_beng
_cFEDL
041 _aeng
_2eng
084 _a510.7, OLD/RR
_qFEDL
100 _aOldknow Adrian
_9782927
245 0 _aTeaching mathematics using ICT
250 _a3
260 _aLondon, UK
_bContinuum International Publishing Group
_c2010
300 _axv, 311p.
365 _aGBP
_b28.99
700 _a Taylor Ron Tetlow Linda
_9782928
942 _cREF
_h510.7, OLD/RR
999 _c1399099
_d1399099